Александр II. Победа и трагедия

Opis bibliograficzny
1. autor: Ляшенко Л. М. Леонид Михайлович
Streszczenie:Личность царя-освободителя до сих пор вызывает горячие споры. Его реформы 1860-1870-х гг. во многом изменили облик Российской империи. Они уничтожили крепостное право в деревне и заложили фундамент для строительства гражданского общества. Эти реформы позволили России сделать мощный рывок в ее экономическом развитии и одновременно стали причиной острейших социально-политических конфликтов. К этому добавилась семейная драма: у государя появилась вторая семья, вызвавшая множество пересудов и осложнений. Гибель императора, убитого революционерами 1 марта 1881 г., отозвалась страшными катаклизмами начала XX века. И сама память об императоре по-прежнему полна противоречий. Так, почему же реформы стакимтрудом приживались на российской почве? Почему судьба реформаторов в нашей стране была по большей части трагичной? В книге делается попытка не только рассказать о жизненном пути Александра II, но и ответить на острые вопросы, имеющие далеко не академическое значение.Автор, профессор Леонид Михайлович Ляшенко, член Союза писателей России, мастерски ведет рассказ, заставляя с неусыпным интересом следить за ним от первого до последнего слова.
Język:rosyjski
Wydane: Москва, АСТ-Пресс книга, 2011
Seria:Сюрпризы истории
Hasła przedmiotowe:
Format: Książka
KOHA link:https://koha.lib.tpu.ru/cgi-bin/koha/opac-detail.pl?biblionumber=230720

MARC

LEADER 00000nam0a2200000 4500
001 230720
005 20260227125533.0
010 |a 9785462012358 
035 |a (RuTPU)RU\TPU\book\251648 
090 |a 230720 
100 |a 20130124d2011 km y0rusy50 ca 
101 0 |a rus 
102 |a RU 
105 |a a z 001zb 
200 1 |a Александр II. Победа и трагедия  |f Л. М. Ляшенко 
210 |a Москва  |c АСТ-Пресс книга  |d 2011 
215 |a 224 с.  |c ил. 
225 1 |a Сюрпризы истории 
320 |a Библиография в примечаниях 
330 |a Личность царя-освободителя до сих пор вызывает горячие споры. Его реформы 1860-1870-х гг. во многом изменили облик Российской империи. Они уничтожили крепостное право в деревне и заложили фундамент для строительства гражданского общества. Эти реформы позволили России сделать мощный рывок в ее экономическом развитии и одновременно стали причиной острейших социально-политических конфликтов. К этому добавилась семейная драма: у государя появилась вторая семья, вызвавшая множество пересудов и осложнений. Гибель императора, убитого революционерами 1 марта 1881 г., отозвалась страшными катаклизмами начала XX века. И сама память об императоре по-прежнему полна противоречий. Так, почему же реформы стакимтрудом приживались на российской почве? Почему судьба реформаторов в нашей стране была по большей части трагичной? В книге делается попытка не только рассказать о жизненном пути Александра II, но и ответить на острые вопросы, имеющие далеко не академическое значение.Автор, профессор Леонид Михайлович Ляшенко, член Союза писателей России, мастерски ведет рассказ, заставляя с неусыпным интересом следить за ним от первого до последнего слова. 
600 0 |a Александр  |d II  |f 1818-1881  |c российский император из династии Романовых (1855-1881)  |2 stltpush  |3 (RuTPU)RU\TPU\pers\547 
606 |a Деятели общественные и государственные  |x Персоналии  |y Россия  |z 1855-1885  |9 89189 
610 1 |a 19 век 
610 1 |a российские императоры 
610 1 |a политика 
610 1 |a реформы 
686 |a Т3(2)522  |2 rubbk 
700 1 |a Ляшенко  |b Л. М.  |g Леонид Михайлович 
801 1 |a RU  |b 63413507  |c 20130124 
801 2 |a RU  |b 63413507  |c 20130916  |g RCR 
942 |c BK